01624cam a22003974i 4500003000900000005001700009008004100026035002000067040003300087100004600120245033200166264001000498300002200508336002100530337002500551338002300576502005900599504002400658520035000682526001001032526001001042526000901052526000901061526000901070526000901079526000901088526000901097526000901106526000801115526000801123526000801131526000801139526000801147650002901155700004201184PE-LiUPU20250731165410.0151020s2008 pe a grm 000 0 spa d a(Sirsi) a154990 aPE-LiUPUbspacPE-LiUPUerda1 aFlores Dávila, Celina del Carmeneautor1 aEfectividad del Programa Educativo 'Desarrollando mis Habilidades con Estimulación Temprana', en el Mejoramiento del Nivel de Conocimiento, Actitudes y Prácticas en Madres con Niños de 2 - 5 Años de la Institución Educativa Inicial Nº 143, La Era - Ñaña, Lima - Perú, 2008 /cCelina del Carmen Flores Dávila. 0c2008. a124 hojas c30 cm atext2rdacontent aunmediated2rdamedia avolume2rdacarrier aTesisb(Lic.) -- cUniversidad Peruana Unión,d2008. aIncluye referencias3 aLa presente investigación se centro en determinar la efectividad del programa educativo "Desarrollando mis Habilidades con Estimulación Temprana", en la mejora del nivel de conocimientos, actitudes y practicas sobre estimulación temprana en madres de familia con niños de 2-5 años de la Institución Educativa Inicial n° 143, la era. aSEG44 aSEG26 aP151 aP150 aP149 aP146 aP145 aP126 aP125 aP92 aP75 aP74 aP27 aP1504aEstimulación temprana.1 aMuñoz Hilasaca, Gloria Pilareautor